Digitálny marketing marketingová komunikácia na internete

Salvato in:
Dettagli Bibliografici
Autore principale: Kuchta, Martin, 1990-
Ente Autore: Ekonomická univerzita v Bratislave. Obchodná fakulta
Altri autori: Horváth, Jakub, Hacek, Peter
Natura: Libro
Lingua:slovacco
Pubblicazione: Bratislava Vydavateľstvo EKONÓM EU v Bratislave 2022
Edizione:1. vydanie
Soggetti:
Tags: Aggiungi Tag
Nessun Tag, puoi essere il primo ad aggiungerne!!

MARC

LEADER 00000nam a2200000 4500
001 0288279
005 20240502074423.2
020 |a 978-80-225-4974-5 
041 0 |a slo 
044 |a SK 
245 1 0 |a Digitálny marketing  |b marketingová komunikácia na internete  |c Martin Kuchta ; recenzenti: Jakub Horváth, Peter Hacek 
250 |a 1. vydanie 
264 1 |a Bratislava  |b Vydavateľstvo EKONÓM EU v Bratislave  |c 2022 
300 |a 184 s. [7,73 AH] 
610 2 0 |a marketing elektronický 
610 2 0 |a digitalizácia 
610 2 0 |a komunikácia marketingová 
610 2 0 |a internet 
610 2 0 |a prostredie virtuálne 
610 2 0 |a stránky webové 
610 2 0 |a reklama 
610 2 0 |a programovanie 
610 2 0 |a nákup 
610 2 0 |a nákup elektronický 
610 2 0 |a siete sociálne 
610 2 0 |a médiá sociálne 
100 1 |a Kuchta, Martin, 1990- 
700 1 |a Horváth, Jakub 
700 1 |a Hacek, Peter 
710 2 |a Ekonomická univerzita v Bratislave. Obchodná fakulta